| 000 | 00550cam a22001697a 4500 | ||
|---|---|---|---|
| 008 | 180718b2000 xxu||||| |||| 00| 0 eng d | ||
| 020 | _a817541037X | ||
| 082 | _aF51x54 P152 | ||
| 100 | _aPai, Sudha | ||
| 245 |
_aState politics new dimensions: party system, liberalisation and politics of identity _cby Sudha Pai |
||
| 260 |
_aDelhi _bShipra _c2000 |
||
| 300 | _a284p. | ||
| 650 | _aIndia - Politics and government | ||
| 650 | _aPolitical parties - Tamilnadu | ||
| 650 | _aPolitical parties - Uttar Pradesh | ||
| 650 | _aPolitical parties - India | ||
| 999 |
_c391267 _d391267 |
||